Quantitative Easing in Europe and Its Impact on the Stock Market

Kvantitatívne uvoľnovanie v Európe a jeho dopad na akciové trhy. Porovnanie s Japonskom a USA.

Salvato in:
Dettagli Bibliografici
Autore principale: Chovancová, Božena
Altri autori: Hudcovský, Jaroslav
Natura: Capitolo di libro
Lingua:inglese
Soggetti:
Tags: Aggiungi Tag
Nessun Tag, puoi essere il primo ad aggiungerne!!

MARC

LEADER 00000naa a2200000 4500
001 0224212
005 20241121133510.8
041 0 |a eng 
044 |a ME 
245 1 0 |a Quantitative Easing in Europe and Its Impact on the Stock Market  |c Božena Chovancová, Jaroslav Hudcovský 
520 |a Kvantitatívne uvoľnovanie v Európe a jeho dopad na akciové trhy. Porovnanie s Japonskom a USA. 
610 2 0 |a trh akciový 
610 2 0 |a uvoľňovanie kvantitatívne 
610 2 0 |a agregáty menové 
610 2 0 |a zásoba peňažná 
610 2 0 |a vývoj hospodársky 
610 2 0 |a Japonsko 
610 2 0 |a USA 
610 2 0 |a Európa 
100 1 |a Chovancová, Božena 
700 1 |a Hudcovský, Jaroslav